|
|
|
|
| LEADER |
00000cas a2200000 a 4500 |
| 003 |
Ucuenca |
| 005 |
20230308225305.0 |
| 008 |
005093|2003 bl |||||r|||||||||||spa|| |
| 022 |
|
|
|a 0104-1495
|
| 040 |
|
|
|b spa
|
| 041 |
1 |
|
|a por
|
| 082 |
0 |
|
|a 330.5
|b P738c
|
| 245 |
|
0 |
|a Cadernos da Faceca
|c Pontificia Universidade Católica de Campinas
|h imp
|
| 264 |
|
|
|a Campinas
|b PUC
|c julho-dezembro 2003
|
| 300 |
|
|
|a 124 páginas:
|b ilu
|c 26 cm
|
| 362 |
|
|
|a vol. 12, no. 2 (julho-dezembro 2003)
|
| 500 |
|
|
|a idioma postugués e inglés
|
| 504 |
|
|
|a incl. ref.
|
| 650 |
1 |
|
|a Cadernos da faceca
|9 208311
|
| 650 |
|
0 |
|a Empresas
|9 24539
|
| 650 |
|
0 |
|a Liquidez
|9 40134
|
| 650 |
1 |
|
|a Etica empresarial
|9 112651
|
| 852 |
|
|
|a UC-CDJBV
|
| 942 |
|
|
|c SER
|
| 999 |
|
|
|c 152085
|d 152085
|